000 00699cam a2200229 4500500
005 20260405003836.0
041 _afre
042 _adc
100 1 0 _aPépin, Charles
_eauthor
245 0 0 _a“Comment choisir entre l’amour et le confort ?” Charles Pépin répond à vos dilemmes
260 _c2024.
500 _a16
690 _aAmour
690 _aCharles Pépin
690 _aConfort
690 _aCouple
690 _aDilemme
690 _aDilemme moral
690 _aEnfant
786 0 _nPhilosophie magazine | 179 | 5 | 2024-05-01 | p. 18-18 | 1951-1787
856 4 1 _uhttps://shs.cairn.info/magazine-philosophie-magazine-2024-5-page-18?lang=fr&redirect-ssocas=7080
999 _c2071337
_d2071337